00249nam a2200109Ia 4500100002600000650001500026490000600041245002100047260003100068082001700099546002300116 aUniversity of Mumbai  aCompendium v1 aCompendium Vol.1 bUniversity of Mumbaic2009 a378.155bUNI aENGLISHcComputers